Statistics for Paris SG scorers in Ligue 1 2017-2018

Click here to take the quiz!

General Stats

  • This quiz has been taken 123 times
  • The average score is 9 of 15

Answer Stats

PlayerGoals% Correct
Edinson Cavani24
97%
Neymar19
96%
Kylian Mbappé13
92%
Angel Di Maria8
88%
Thiago Silva1
84%
Adrien Rabiot1
58%
Julian Draxler3
58%
Layvin Kurzawa2
58%
Thomas Meunier4
58%
Thiago Motta1
52%
Javier Pastore4
50%
Lucas1
42%
Christopher Nkunku3
38%
Giovani Lo Celso1
33%
Yuri Berchiche2
26%

Score Distribution

Percentile by Number Answered

Percent of People with Each Score

Your Score History

You have not taken this quiz